[Event "25th Dubai Open A 2025"]
[Site "Dubai UAE"]
[Date "2025.05.30"]
[Round "4.23"]
[White "Hayrapetyan, Hovik"]
[Black "Royal, Shreyas"]
[Result "1-0"]
[WhiteTitle "GM"]
[BlackTitle "GM"]
[WhiteElo "2423"]
[BlackElo "2493"]
[WhiteFideId "13302639"]
[BlackFideId "448869"]
[EventDate "2025.05.27"]

1. d4 Nf6 2. c4 e6 3. Nc3 d5 4. Nf3 Nbd7 5. cxd5 exd5 6. Bg5 Bb4 7. Nd2 c6 8. e3
Nf8 9. Bd3 Ng6 10. O-O O-O 11. f4 h6 12. Bxf6 Qxf6 13. f5 Qg5 14. Qe2 Nh4 15.
Qf2 Nxg2 16. Nf3 Qxe3 17. Kxg2 Qxd3 18. Ne5 Qxf5 19. Qxf5 Bxf5 20. Rxf5 f6 21.
Ng6 Rfe8 22. h4 Re3 23. Rf3 Rxf3 24. Kxf3 h5 25. Nf4 Kf7 26. Rg1 Rh8 27. Nce2
Rh6 28. Nd3 Bd6 29. b4 Rh8 30. Nef4 a6 31. a3 Bc7 32. Nc5 Bxf4 33. Kxf4 Re8 34.
Kf3 b6 35. Nd3 Re4 36. Nf4 g6 37. Rd1 g5 38. hxg5 fxg5 39. Nxh5 Kg6 40. Ng3 g4+
41. Kg2 Re3 42. Rc1 Rxa3 43. Rxc6+ Kg5 44. Re6 Ra2+ 45. Ne2 Rb2 46. Kg3 Rb3+ 47.
Kf2 Rxb4 48. Re5+ Kf6 49. Rxd5 Rb3 50. Ng3 a5 51. Ne4+ Ke6 52. Re5+ Kd7 53. d5
Rf3+ 54. Ke2 a4 55. Rg5 a3 56. Rxg4 a2 57. Rg7+ Kd8 58. Ra7 Rf5 59. Ra8+ Ke7 60.
d6+ Ke6 61. Rxa2 Rh5 62. Ra8 Rh2+ 63. Kd3 Rh1 64. Re8+ Kd7 65. Re7+ Kc6 66. Rc7+
Kd5 67. d7 Rh3+ 68. Kc2 Rh2+ 69. Kb3 1-0

[Event "25th Dubai Open A 2025"]
[Site "Dubai UAE"]
[Date "2025.05.30"]
[Round "4.24"]
[White "Dau Khuong Duy"]
[Black "Davtyan, Artur"]
[Result "1/2-1/2"]
[WhiteTitle "IM"]
[BlackTitle "IM"]
[WhiteElo "2423"]
[BlackElo "2485"]
[WhiteFideId "12424722"]
[BlackFideId "13308327"]
[EventDate "2025.05.27"]

1. e4 e5 2. Nf3 Nc6 3. Bb5 a6 4. Ba4 Nf6 5. O-O Be7 6. Re1 b5 7. Bb3 O-O 8. a4
b4 9. d4 d6 10. dxe5 Nxe5 11. Nbd2 Bg4 12. h3 Bh5 13. g4 Nxf3+ 14. Nxf3 Bg6 15.
e5 Nd7 16. exd6 Bxd6 17. Bg5 Qc8 18. Be7 Bxe7 19. Rxe7 Nc5 20. Qd5 Nxb3 21. cxb3
Qd8 22. Qxd8 Raxd8 23. Ne5 Rfe8 24. Rxe8+ Rxe8 25. Nxg6 hxg6 26. Kf1 Rd8 27. Ke2
c5 1/2-1/2

[Event "25th Dubai Open A 2025"]
[Site "Dubai UAE"]
[Date "2025.05.30"]
[Round "4.25"]
[White "Sahib, Singh"]
[Black "Siddharth, Jagadeesh"]
[Result "1-0"]
[WhiteTitle "FM"]
[BlackTitle "GM"]
[WhiteElo "2416"]
[BlackElo "2472"]
[WhiteFideId "25618342"]
[BlackFideId "5818320"]
[EventDate "2025.05.27"]

1. e4 e5 2. Nf3 Nc6 3. Bb5 a6 4. Ba4 Nf6 5. O-O Be7 6. Re1 b5 7. Bb3 d6 8. c3
O-O 9. h3 Nb8 10. d4 Nbd7 11. Nbd2 Bb7 12. Bc2 Re8 13. Nf1 Bf8 14. Ng3 a5 15.
Bd3 b4 16. Bg5 h6 17. Bd2 exd4 18. cxd4 c5 19. Bf4 cxd4 20. Nxd4 g5 21. Be3 d5
22. Bb5 dxe4 23. h4 gxh4 24. Ngf5 Kh7 25. Qd2 Re5 26. Bxh6 e3 27. Rxe3 Bxh6 28.
Nxh6 Ne4 29. Rxe4 Rxe4 30. Nxf7 1-0

[Event "25th Dubai Open A 2025"]
[Site "Dubai UAE"]
[Date "2025.05.30"]
[Round "4.26"]
[White "Indjic, Aleksandar"]
[Black "Piliposyan, Robert"]
[Result "1-0"]
[WhiteTitle "GM"]
[BlackTitle "IM"]
[WhiteElo "2637"]
[BlackElo "2416"]
[WhiteFideId "911925"]
[BlackFideId "13309978"]
[EventDate "2025.05.27"]

1. c4 e5 2. a3 Nf6 3. d3 d5 4. cxd5 Nxd5 5. Nf3 Nc6 6. e4 Nb6 7. Be2 Be7 8. O-O
O-O 9. Be3 Be6 10. Nbd2 a5 11. Rc1 f6 12. Nb3 a4 13. Nc5 1-0

[Event "25th Dubai Open A 2025"]
[Site "Dubai UAE"]
[Date "2025.05.30"]
[Round "4.27"]
[White "Agasarov, Benik"]
[Black "Tin, Jingyao"]
[Result "0-1"]
[WhiteTitle "FM"]
[BlackTitle "GM"]
[WhiteElo "2414"]
[BlackElo "2601"]
[WhiteFideId "13314823"]
[BlackFideId "5804418"]
[EventDate "2025.05.27"]

1. e4 c6 2. d4 d5 3. e5 Bf5 4. Nf3 e6 5. Be2 Nd7 6. Nbd2 a5 7. a4 c5 8. O-O Ne7
9. dxc5 Nc6 10. Nb3 Bxc5 11. Nxc5 Nxc5 12. Be3 Nd7 13. Nd4 Nxd4 14. Bxd4 O-O 15.
c4 dxc4 16. Bxc4 Rc8 17. Bb5 Nb6 18. Ra3 Nd5 19. g3 Qc7 20. Qe2 Rfd8 21. Rd1 Qe7
22. Qe1 b6 23. Raa1 Qb7 24. Bf1 h5 25. Bg2 h4 26. Qf1 Qb8 27. Bh3 Bg6 28. Bg4
Qb7 29. Qh3 Nb4 30. Qxh4 Bc2 31. Rd2 Qe4 32. Bc3 Rxd2 33. Bxd2 Nd3 34. Bc3 Bxa4
35. Qg5 Bc6 36. f3 Qe2 37. Rf1 Nxb2 38. Re1 Qb5 39. Bxb2 Qxb2 40. Rc1 Qd4+ 41.
Kg2 Bb7 42. Rxc8+ Bxc8 43. Kh3 Ba6 44. f4 Qd2 45. Bf3 Bf1+ 46. Kg4 Be2 47. Qe7
Qd3 48. Bxe2 Qxe2+ 49. Kh3 Qh5+ 50. Kg2 Kh7 51. Qd8 a4 52. Qxb6 Qe2+ 53. Kh3 a3
54. Qb1+ Kh6 55. f5 exf5 56. Qc1+ Kh5 57. Qa1 g5 0-1

[Event "25th Dubai Open A 2025"]
[Site "Dubai UAE"]
[Date "2025.05.30"]
[Round "4.28"]
[White "Zhang, Di"]
[Black "Sanal, Vahap"]
[Result "0-1"]
[BlackTitle "GM"]
[WhiteElo "2410"]
[BlackElo "2555"]
[WhiteFideId "8616590"]
[BlackFideId "6300545"]
[EventDate "2025.05.27"]

1. e4 e5 2. Nc3 Nf6 3. g3 d5 4. exd5 Nxd5 5. Bg2 Nf6 6. Nf3 Nc6 7. O-O Bd6 8. d4
Bg4 9. dxe5 Nxe5 10. Bf4 Nxf3+ 11. Bxf3 Bxf4 12. Bxg4 Qxd1 13. Bxd1 Bd2 14. Nb5
Ba5 15. Bf3 O-O 16. a4 c6 17. Nd6 Rab8 18. Nc4 Bc7 19. a5 Rfd8 20. Rfe1 a6 21.
h4 Kf8 22. Kg2 Rd4 23. b3 g6 24. Re2 Rbd8 25. c3 Rd3 26. Rc2 h5 27. b4 R3d7 28.
Re1 Nd5 29. Nb2 Bb8 30. Ree2 Ba7 31. Nc4 Bb8 32. Re1 Bc7 33. Ree2 Kg7 34. Nb2
Bb8 35. Nc4 Ba7 36. Re1 Nc7 37. Ne5 Rd2 38. Re2 Rxc2 39. Rxc2 Nb5 40. Be2 Re8
41. Bxb5 cxb5 42. Nf3 Rc8 43. Kf1 Re8 44. c4 bxc4 45. Rxc4 Re7 46. Rc8 Rd7 47.
Ke2 Bd4 48. Rc4 Bf6 49. Nd2 Be7 50. Nb3 Kf6 51. Nd4 Ke5 52. Nf3+ Kd6 53. Rd4+
Kc7 54. Rc4+ Kd8 55. Ne5 Rd5 56. Nd3 Bd6 57. Ke3 Kd7 58. Ke4 Rb5 59. Rd4 Ke6 60.
Rc4 f6 61. Rd4 g5 62. Rc4 f5+ 63. Ke3 f4+ 64. gxf4 gxh4 65. f5+ Kxf5 66. Rxh4
Kg5 67. Rd4 Be7 68. Kf3 Kf5 69. Rf4+ Ke6 70. Re4+ Kf6 71. Kg3 Rd5 72. Nb2 Bd6+
73. Kg2 Kf5 74. Kf3 Kg5 75. Kg2 Bf8 76. Kf3 Rd2 77. Nc4 Rd3+ 78. Ne3 Rb3 79.
Re5+ Kg6 80. Re8 Kf7 81. Re5 h4 82. Rf5+ Ke8 83. Kg4 Rxb4+ 84. f4 Rb5 85. Rxb5
axb5 86. Kxh4 b4 87. Nc4 Kd7 88. Kg4 Kc6 89. Kf3 Kd5 90. Nd2 Kd4 91. f5 Kd3 92.
Nb3 Kc3 93. Nc1 b3 0-1

[Event "25th Dubai Open A 2025"]
[Site "Dubai UAE"]
[Date "2025.05.30"]
[Round "4.29"]
[White "Kushagra, Mohan"]
[Black "Petkov, Momchil"]
[Result "1-0"]
[WhiteTitle "IM"]
[BlackTitle "GM"]
[WhiteElo "2400"]
[BlackElo "2524"]
[WhiteFideId "25033638"]
[BlackFideId "2921642"]
[EventDate "2025.05.27"]

1. e4 c6 2. d4 d5 3. Nd2 dxe4 4. Nxe4 Nf6 5. Nxf6+ exf6 6. Be3 Bd6 7. Bd3 Nd7 8.
Ne2 O-O 9. O-O Re8 10. c4 Nf8 11. Qc2 Be6 12. Rad1 Rc8 13. Rfe1 Bb8 14. Bf4 Bg4
15. Bxb8 Rxb8 16. f3 Bh5 17. Be4 Bg6 18. Bxg6 Nxg6 19. Qd2 Qd7 20. Nc3 h5 21. d5
cxd5 22. Nxd5 Qf5 23. b3 h4 24. h3 Kh8 25. Rxe8+ Rxe8 26. Re1 Re6 27. a4 Kh7 28.
a5 a6 29. b4 Kh8 30. Re2 Qb1+ 31. Kh2 Qf1 32. Rxe6 fxe6 33. Nxf6 Nf8 34. Qd8 1-0

[Event "25th Dubai Open A 2025"]
[Site "Dubai UAE"]
[Date "2025.05.30"]
[Round "4.30"]
[White "Muthaiah, AL"]
[Black "Tudor, Henry Edward"]
[Result "0-1"]
[WhiteTitle "IM"]
[BlackTitle "FM"]
[WhiteElo "2487"]
[BlackElo "2376"]
[WhiteFideId "5092442"]
[BlackFideId "2409836"]
[EventDate "2025.05.27"]

1. Nf3 d5 2. g3 Nc6 3. d4 Bf5 4. Bg2 Nb4 5. Na3 e6 6. Nh4 Be4 7. Bxe4 dxe4 8. c3
Nd5 9. Nc4 Be7 10. Ng2 Ngf6 11. O-O c5 12. Bg5 O-O 13. Bxf6 Nxf6 14. dxc5 Bxc5
15. Qxd8 Rfxd8 16. Rfd1 Kf8 17. e3 Ke7 18. Kf1 b5 19. Na5 Rdc8 20. Nb3 Bd6 21.
Ne1 Ng4 22. h3 Ne5 23. Nd2 f5 24. a3 a5 25. Ke2 Rab8 26. Rac1 g6 27. g4 Nc4 28.
Nxc4 bxc4 29. Rc2 Rb6 30. f3 Rcb8 31. Rdd2 e5 32. a4 Ke6 33. gxf5+ gxf5 34. fxe4
fxe4 35. Kd1 Bc5 36. Ng2 Rg8 37. h4 Rbb8 38. Kc1 Rg3 39. Kb1 Be7 40. Ka2 h5 41.
Rf2 Rf3 42. Rfe2 Kf5 43. Rcd2 Ke6 44. Rc2 Rf1 45. Rf2 Rh1 46. Rcd2 Rg8 47. b3
cxb3+ 48. Kxb3 Ra1 49. Ra2 Rb8+ 50. Kc4 Rab1 51. Nf4+ exf4 52. Rxf4 Ke5 0-1

[Event "25th Dubai Open A 2025"]
[Site "Dubai UAE"]
[Date "2025.05.30"]
[Round "4.31"]
[White "Ayush, Sharma"]
[Black "Roebers, Eline"]
[Result "0-1"]
[WhiteTitle "IM"]
[BlackTitle "IM"]
[WhiteElo "2478"]
[BlackElo "2361"]
[WhiteFideId "45010943"]
[BlackFideId "1058401"]
[EventDate "2025.05.27"]

1. d4 Nf6 2. c4 c5 3. d5 e6 4. Nc3 exd5 5. cxd5 d6 6. e4 g6 7. Bb5+ Nbd7 8. a4
Bg7 9. Nf3 O-O 10. O-O a6 11. Be2 b6 12. h3 Re8 13. Nd2 Rb8 14. Re1 h6 15. Qc2
Nh5 16. Nc4 Qf6 17. e5 dxe5 18. Ne4 Qh4 19. Ncd6 Nhf6 20. Nxf6+ Nxf6 21. Nxe8
Nxe8 22. a5 Bf5 23. Bd3 Bxd3 24. Qxd3 b5 25. Be3 Qb4 26. Rac1 c4 27. Qd2 Qxd2
28. Bxd2 Nd6 29. Bc3 Re8 30. Bb4 Nf5 31. Rcd1 Rd8 32. d6 Nd4 33. Bc5 g5 34. f3
f5 35. Kf2 Rd7 36. g4 f4 37. Re4 Kf7 38. Bb4 Nc6 39. Bc3 Ke6 40. h4 gxh4 41. Kg2
Rxd6 42. Rxd6+ Kxd6 43. Be1 Bf6 44. Re2 Nd4 45. Rf2 Kc5 46. Kh3 b4 47. Rf1 Kb5
48. Bxh4 Bg5 49. Be1 Kxa5 50. Kg2 Ka4 51. Bf2 c3 52. bxc3 bxc3 53. Rc1 Kb3 54.
Rb1+ Ka2 55. Rb6 c2 56. Rxa6+ Kb2 0-1

[Event "25th Dubai Open A 2025"]
[Site "Dubai UAE"]
[Date "2025.05.30"]
[Round "4.32"]
[White "Borgaonkar, Akshay"]
[Black "Beydullayeva, Govhar"]
[Result "1/2-1/2"]
[WhiteTitle "FM"]
[BlackTitle "WGM"]
[WhiteElo "2453"]
[BlackElo "2394"]
[WhiteFideId "25639110"]
[BlackFideId "13413015"]
[EventDate "2025.05.27"]

1. e4 e5 2. Nf3 Nc6 3. Bb5 a6 4. Ba4 Nf6 5. O-O Be7 6. Re1 b5 7. Bb3 O-O 8. a4
b4 9. d3 d6 10. Nbd2 Na5 11. Ba2 c5 12. c3 Nc6 13. d4 bxc3 14. bxc3 cxd4 15.
cxd4 exd4 16. Ba3 Rb8 17. Nb3 d5 1/2-1/2

[Event "25th Dubai Open A 2025"]
[Site "Dubai UAE"]
[Date "2025.05.30"]
[Round "4.33"]
[White "Liyanage, Ranindu Dilshan"]
[Black "Neelash, Saha"]
[Result "1/2-1/2"]
[WhiteTitle "IM"]
[BlackTitle "IM"]
[WhiteElo "2387"]
[BlackElo "2445"]
[WhiteFideId "9915834"]
[BlackFideId "5094160"]
[EventDate "2025.05.27"]

1. c4 e6 2. Nf3 d5 3. d4 Nf6 4. g3 Bb4+ 5. Nbd2 O-O 6. Bg2 dxc4 7. a3 Bxd2+ 8.
Bxd2 Nc6 9. e3 Ne4 10. Qc2 Nxd2 11. Nxd2 Na5 12. Nxc4 Nxc4 13. Qxc4 a5 14. a4
Qd6 1/2-1/2

[Event "25th Dubai Open A 2025"]
[Site "Dubai UAE"]
[Date "2025.05.30"]
[Round "4.34"]
[White "Nandhidhaa, P V"]
[Black "Jiang, Haochen"]
[Result "1-0"]
[WhiteTitle "WGM"]
[WhiteElo "2363"]
[BlackElo "2439"]
[WhiteFideId "5050847"]
[BlackFideId "8631930"]
[EventDate "2025.05.27"]

1. Nf3 Nf6 2. c4 e6 3. g3 a6 4. Bg2 b5 5. d3 Bb7 6. O-O c5 7. Nc3 b4 8. Na4 Be7
9. d4 cxd4 10. Qxd4 Nc6 11. Qd3 O-O 12. Be3 Ng4 13. Bb6 Qc8 14. Qb3 a5 15. Rfd1
d6 16. Rac1 Ra6 17. h3 Nf6 18. Be3 Nd7 19. Bf4 e5 20. Be3 Nc5 21. Bxc5 dxc5 22.
Qe3 Nd4 23. Nxd4 Bxg2 24. Kxg2 cxd4 25. Qxe5 Qc6+ 26. Kg1 Qxa4 27. Qxe7 Qxa2 28.
Rd2 Rc6 29. c5 Qd5 30. e4 Qd8 31. Qe5 Qd7 32. Qd5 Qc7 33. Rxd4 Rc8 34. b3 h6 35.
h4 Qe7 36. Rdc4 Qe8 37. e5 Rd8 38. Qe4 Qe6 39. Ra1 f5 40. exf6 Qxf6 41. Re1 Rf8
42. Qd5+ Qf7 43. Qxf7+ Rxf7 44. Re8+ Rf8 45. Rxf8+ Kxf8 46. Kg2 Ke7 47. Kf3 Rf6+
48. Ke3 Kd7 49. Rg4 g6 50. Rd4+ Kc7 51. Rd5 Re6+ 52. Kd3 Re1 53. Kc4 Rc1+ 54.
Kb5 Rc3 55. Kxa5 Rxb3 56. Rd6 Rb1 57. Rxg6 b3 58. Kb4 h5 59. Rf6 Kd7 60. Ka3 b2
61. Ka2 Rc1 62. c6+ Ke7 63. Kxb2 Re1 64. c7 Kd7 65. Rf7+ Kc8 66. Kc3 Re2 67. Kd3
Re1 68. Kd4 Re2 69. Kd5 Kb7 70. Kd6 Rd2+ 71. Ke6 Kc8 72. Rf5 Kxc7 73. Kf6 Kd6
74. f4 Rd3 75. Rg5 Ra3 76. Kg6 Ke7 77. Kxh5 Kf6 78. Kg4 Ra1 79. h5 Rh1 80. Rg6+
Kf7 81. Kg5 Rh3 82. g4 Rg3 83. f5 Rg1 84. h6 Rh1 85. Rg7+ Kf8 86. Kg6 Rh4 87. g5
Rh1 88. h7 Rh6+ 89. gxh6 1-0

[Event "25th Dubai Open A 2025"]
[Site "Dubai UAE"]
[Date "2025.05.30"]
[Round "4.36"]
[White "Sultan, Ibrahim"]
[Black "Stribuk, Artiom"]
[Result "0-1"]
[WhiteTitle "IM"]
[BlackTitle "IM"]
[WhiteElo "2222"]
[BlackElo "2433"]
[WhiteFideId "9301143"]
[BlackFideId "13515659"]
[EventDate "2025.05.27"]

1. d4 g6 2. c4 Bg7 3. e4 d6 4. Nc3 e5 5. Nge2 Nf6 6. d5 a5 7. h3 h5 8. Bg5 Bh6
9. Bxh6 Rxh6 10. Qd2 Rh8 11. h4 Na6 12. f3 Nc5 13. O-O-O a4 14. Kb1 Kf8 15. Nc1
Kg7 16. Nd3 Nfd7 17. Nf2 Nb6 18. Be2 Bd7 19. g4 hxg4 20. fxg4 Rxh4 21. Rxh4 Qxh4
22. Rh1 Qf6 23. Qh6+ Kg8 24. g5 Qg7 25. Qh4 Kf8 26. Bg4 Ke7 27. Bxd7 Ncxd7 28.
b3 axb3 29. axb3 Nc5 30. Kb2 Nbd7 31. Rh3 Rf8 32. Ng4 f5 33. gxf6+ Nxf6 34. Qg5
Ke8 35. Nh6 Nfxe4 36. Nxe4 Nxe4 37. Qg4 Qd7 38. Qxg6+ Kd8 39. Ng4 Qf5 40. Qg7
Qf7 41. Rh7 Qxg7 42. Rxg7 Rf3 43. Nh6 Nc5 44. Rg8+ Kd7 45. Rg7+ Kc8 46. Rg8+ Kd7
47. Rg7+ Ke8 48. Rg8+ Rf8 49. Rg7 Rf2+ 50. Ka3 e4 51. Rg8+ Rf8 52. Rg4 Rf3 53.
Ka2 Rf2+ 54. Ka3 e3 55. Rg3 e2 56. Re3+ Kf8 57. Ng4 Rg2 58. Nf6 Nd3 0-1

[Event "25th Dubai Open A 2025"]
[Site "Dubai UAE"]
[Date "2025.05.30"]
[Round "4.37"]
[White "Gupta, Abhijeet"]
[Black "Gaal, Zsoka"]
[Result "1-0"]
[WhiteTitle "GM"]
[BlackTitle "WGM"]
[WhiteElo "2577"]
[BlackElo "2395"]
[WhiteFideId "5010608"]
[BlackFideId "777765"]
[EventDate "2025.05.27"]

1. d4 Nf6 2. c4 e6 3. Nc3 Bb4 4. Nf3 Bxc3+ 5. bxc3 d6 6. Qc2 Nbd7 7. e4 c5 8. e5
dxe5 9. dxe5 Ng8 10. Bd3 Qc7 11. Bf4 Ne7 12. O-O b6 13. Be4 Bb7 14. Rad1 Bxe4
15. Qxe4 Qc6 16. Qe2 h6 17. Rd6 Qb7 18. Rfd1 O-O-O 19. Nd2 g5 20. Bg3 Nf5 21.
Ne4 Nb8 22. h3 Nc6 23. Rxd8+ Rxd8 24. Nd6+ Nxd6 25. exd6 Na5 26. Qh5 Qd7 27.
Qxh6 Qa4 28. Rd3 Nxc4 29. Qxg5 Rd7 30. Kh2 Kb7 31. Qf4 Ka6 32. Qe4 Ka5 33. Qe2
Qb5 34. Rd1 Qa4 35. h4 e5 36. Rd5 f5 37. h5 f4 38. Bh4 Rxd6 39. Rxd6 Nxd6 40.
Qxe5 f3 41. Bg3 Nf7 42. Qe7 Qc4 43. Qxa7+ Kb5 44. a4+ Kc6 45. Qc7+ 1-0

[Event "25th Dubai Open A 2025"]
[Site "Dubai UAE"]
[Date "2025.05.30"]
[Round "4.38"]
[White "Rakshitta, Ravi"]
[Black "Vivaan Vishal Shah"]
[Result "0-1"]
[WhiteTitle "WGM"]
[BlackTitle "FM"]
[WhiteElo "2324"]
[BlackElo "2410"]
[WhiteFideId "25073230"]
[BlackFideId "25184237"]
[EventDate "2025.05.27"]

1. Nf3 Nf6 2. g3 g6 3. Bg2 Bg7 4. O-O O-O 5. d4 d6 6. a4 a5 7. Nc3 Nbd7 8. e4 e5
9. h3 exd4 10. Nxd4 Re8 11. Re1 Nc5 12. Ndb5 Bd7 13. Kh2 Bc6 14. f3 Qd7 15. Bf1
Nh5 16. Nd5 Bxd5 17. Qxd5 c6 18. Qxd6 Be5 19. Qxd7 Bxg3+ 20. Kg2 Nxd7 21. Rd1
Nc5 22. Nd4 Bf4 23. Bxf4 Nxf4+ 24. Kg3 Nh5+ 25. Kf2 Rad8 26. c3 Rd7 27. Bc4 Red8
28. Ke3 Ne6 29. Rd2 Nef4 30. Rad1 Nxh3 31. Ne6 Rxd2 32. Rxd2 Rxd2 33. Kxd2 fxe6
34. Bxe6+ Kg7 35. Bxh3 Kf6 36. b4 b6 37. Bd7 c5 38. bxa5 bxa5 39. Kd3 Ke5 40.
Kc4 Kd6 41. Bc8 Nf4 42. e5+ Kc7 43. Ba6 h5 44. Kxc5 h4 45. Bf1 h3 46. Bxh3 Nxh3
47. Kb5 Ng1 48. f4 Ne2 49. Kxa5 Nxc3 50. e6 Kd6 51. Kb4 Nxa4 52. e7 Kxe7 0-1

[Event "25th Dubai Open A 2025"]
[Site "Dubai UAE"]
[Date "2025.05.30"]
[Round "4.39"]
[White "Manon, Reja Neer"]
[Black "Garayev, Kanan"]
[Result "1-0"]
[WhiteTitle "IM"]
[BlackTitle "IM"]
[WhiteElo "2403"]
[BlackElo "2336"]
[WhiteFideId "10224009"]
[BlackFideId "13406671"]
[EventDate "2025.05.27"]

1. e4 c5 2. Nf3 e6 3. b3 Nc6 4. Bb2 a6 5. c4 Nf6 6. e5 Ng4 7. h3 Nh6 8. Bd3 d6
9. exd6 f6 10. Be4 Qxd6 11. d4 cxd4 12. O-O e5 13. Re1 Be7 14. Ba3 Qc7 15. Bxc6+
bxc6 16. Bxe7 Qxe7 17. Nxd4 c5 18. Nc2 O-O 19. Ne3 Bb7 20. Nc3 Rad8 21. Ned5 Qf7
22. Qf3 Rfe8 23. Rad1 Kh8 24. Qe3 Nf5 25. Qxc5 Rc8 26. Qa3 Qg6 27. Kh1 Nh4 28.
Rg1 Qc2 29. f3 Bxd5 30. Nxd5 Qf2 31. Qxa6 Qg3 32. Rdf1 Ra8 33. Qc6 Nf5 34. Nc3
Qf4 35. Ne2 Qd2 36. Re1 Ne3 37. Ng3 f5 38. Re2 Qd3 39. Rge1 f4 40. Qe4 Qd7 41.
Nf1 Nf5 42. Qd5 Qxd5 43. cxd5 g6 44. Kh2 Red8 45. Rd2 Re8 46. g3 g5 47. d6 Nd4
48. Kg2 Rad8 49. h4 h6 50. hxg5 hxg5 51. Nh2 Rxd6 52. Ng4 Nxf3 53. Rh1+ Nh4+ 54.
Rxh4+ gxh4 55. Rxd6 hxg3 56. Nf6 Ra8 57. Rd2 Kg7 58. Ne4 Kg6 59. Kf3 Kf5 60. Rd6
Rf8 61. Rh6 g2 62. Rh5+ Ke6 63. Rh6+ Kf5 64. Rh5+ Ke6 65. Rg5 Rh8 66. Rg6+ Kf7
67. Rxg2 Rh1 68. Re2 Ke6 69. Nf2 Rf1 70. Kg2 Ra1 71. Nd3 Kd5 72. Nxe5 1-0

[Event "25th Dubai Open A 2025"]
[Site "Dubai UAE"]
[Date "2025.05.30"]
[Round "4.40"]
[White "Farahat, Ali"]
[Black "Zia, Tahsin Tajwar"]
[Result "1/2-1/2"]
[WhiteTitle "IM"]
[BlackTitle "FM"]
[WhiteElo "2321"]
[BlackElo "2374"]
[WhiteFideId "10600507"]
[BlackFideId "10211888"]
[EventDate "2025.05.27"]

1. e4 c5 2. c3 Nf6 3. e5 Nd5 4. d4 cxd4 5. Nf3 Nc6 6. cxd4 d6 7. Bc4 dxe5 8.
dxe5 Be6 9. O-O Nc7 10. Bxe6 Nxe6 11. Qb3 Qc8 12. Nc3 g6 13. Ng5 Bg7 14. Nxe6
Qxe6 15. Qxe6 fxe6 16. f4 Rd8 17. Ne4 Nd4 18. Rf2 b6 19. Be3 Nf5 20. Bd2 h6 21.
Bc3 Kf7 22. Rd2 Ne3 1/2-1/2

[Event "25th Dubai Open A 2025"]
[Site "Dubai UAE"]
[Date "2025.05.30"]
[Round "4.41"]
[White "Tregubenko, Nikolay"]
[Black "Balajayeva, Khanim"]
[Result "1/2-1/2"]
[BlackTitle "IM"]
[WhiteElo "2277"]
[BlackElo "2358"]
[WhiteFideId "34358978"]
[BlackFideId "13406396"]
[EventDate "2025.05.27"]

1. e4 e5 2. Nf3 Nc6 3. Bc4 Nf6 4. d3 Bc5 5. c3 d6 6. Bg5 h6 7. Bh4 a5 8. Nbd2
Qe7 9. O-O g5 10. Bg3 Ba7 11. Re1 Nd7 12. Nf1 h5 13. h4 g4 14. N3d2 Nf8 15. Ne3
Bxe3 16. fxe3 Ng6 17. Rf1 O-O 18. Qe1 Kg7 19. d4 Bd7 20. a3 Nd8 21. Qf2 b5 22.
Ba2 c6 23. Rac1 Nb7 24. Bb1 Rac8 25. Rcd1 c5 26. Ba2 Be6 27. Ra1 a4 28. Bb1 1/2-1/2

[Event "25th Dubai Open A 2025"]
[Site "Dubai UAE"]
[Date "2025.05.31"]
[Round "5.1"]
[White "Muradli, Mahammad"]
[Black "Nihal, Sarin"]
[Result "1/2-1/2"]
[WhiteTitle "GM"]
[BlackTitle "GM"]
[WhiteElo "2603"]
[BlackElo "2693"]
[WhiteFideId "13409301"]
[BlackFideId "25092340"]
[EventDate "2025.05.27"]

1. Nf3 Nf6 2. c4 b6 3. g3 Bb7 4. Bg2 g6 5. d4 Bg7 6. O-O O-O 7. d5 Na6 8. Nc3
Nc5 9. Re1 a5 10. e4 d6 11. e5 dxe5 12. Nxe5 e6 13. Bg5 h6 14. Be3 exd5 15. cxd5
Re8 16. Bxc5 bxc5 17. Qb3 Rb8 18. Qc4 Re7 19. Nd3 Bc8 20. Na4 Rxe1+ 21. Rxe1 Bd7
22. Ndxc5 Bb5 23. Qc3 Ne4 24. Qc2 Nxc5 25. Nxc5 Qd6 26. b3 Re8 27. Rxe8+ Bxe8
28. Bf3 Bd4 29. Ne4 Qe5 30. Kg2 Kg7 31. Qd3 Bd7 32. Nd2 Bc5 33. Nc4 Qe1 34. Ne3
h5 35. h3 Kf6 36. g4 h4 37. Qc2 Bd6 38. a4 Be5 39. Qe4 Bd6 40. Qd4+ Ke7 41. g5
Qb4 42. Qf6+ Ke8 43. Qh8+ Ke7 44. Qf6+ Ke8 45. Nc4 Qxb3 46. Nxa5 Qb4 47. Qh8+
Ke7 48. Qf6+ Ke8 49. Nc6 Bxc6 50. dxc6 Qxa4 51. Bd5 Qf4 52. Bxf7+ Kf8 53. Bxg6+
Qxf6 54. gxf6 Be5 55. f7 Bd6 56. Kf3 1/2-1/2

[Event "25th Dubai Open A 2025"]
[Site "Dubai UAE"]
[Date "2025.05.31"]
[Round "5.2"]
[White "Bharath, Subramaniyam H"]
[Black "Grebnev, Aleksey"]
[Result "0-1"]
[WhiteTitle "GM"]
[BlackTitle "GM"]
[WhiteElo "2556"]
[BlackElo "2556"]
[WhiteFideId "46634827"]
[BlackFideId "34189030"]
[EventDate "2025.05.27"]

1. e4 c5 2. Nf3 d6 3. d4 cxd4 4. Nxd4 Nf6 5. Nc3 a6 6. Qd3 e6 7. g4 Nxg4 8. Rg1
Nf6 9. Bg5 h6 10. Bd2 Nbd7 11. O-O-O b5 12. a3 Bb7 13. f4 Qb6 14. Bg2 Rc8 15. e5
dxe5 16. Bxb7 Nc5 17. Qh3 Qxb7 18. fxe5 Nfe4 19. Nxe4 Qxe4 20. Bb4 Qxe5 21. Kb1
Be7 22. Nf3 Qf5 23. Qxf5 exf5 24. Bxc5 Bxc5 25. Rxg7 Ke7 26. Rg3 Rcd8 27. Rf1 f4
28. Rg4 Be3 29. Nh4 h5 30. Rg2 Ke6 31. Nf3 Rhg8 32. Re2 Rg4 33. c3 Kf5 34. Kc2
Ke4 35. Ne1 h4 36. h3 Rg3 37. Ng2 Rf3 38. Rh1 Rf2 39. Rxf2 Bxf2 40. Rf1 Bg3 41.
Ne1 Ke3 0-1

[Event "25th Dubai Open A 2025"]
[Site "Dubai UAE"]
[Date "2025.05.31"]
[Round "5.3"]
[White "Rohith, Krishna S"]
[Black "Zemlyanskii, Ivan"]
[Result "1/2-1/2"]
[WhiteTitle "IM"]
[BlackTitle "GM"]
[WhiteElo "2490"]
[BlackElo "2563"]
[WhiteFideId "46617051"]
[BlackFideId "24249971"]
[EventDate "2025.05.27"]

1. d4 Nf6 2. c4 g6 3. Nf3 Bg7 4. g3 O-O 5. Bg2 d6 6. Nc3 c5 7. O-O Nc6 8. d5 Na5
9. Nd2 e6 10. Qc2 Re8 11. e3 exd5 12. cxd5 Bf5 13. e4 Bd7 14. b3 b5 15. Bb2 b4
16. Nd1 Bb5 17. Nc4 Ng4 18. Bxg7 Kxg7 19. Ndb2 Bxc4 20. Nxc4 Nxc4 21. Qxc4 Ne5
22. Qc2 Qb6 23. Qe2 c4 24. bxc4 Rac8 25. Rac1 Rc5 26. Rc2 a5 27. Qe3 Rb8 28.
Rfc1 a4 29. Bf1 Rc7 30. c5 Rxc5 31. Rxc5 dxc5 32. f4 Nd7 33. Bc4 b3 34. Qc3+ Kg8
35. axb3 axb3 36. Qb2 Qb4 37. e5 Nb6 38. Qxb3 Nxc4 39. Qxc4 Qd2 40. Qc3 Qxd5 41.
Qxc5 Qe4 42. Qc3 h5 43. Re1 Qd5 44. e6 fxe6 45. Qf6 Qf5 46. Qxe6+ Qxe6 47. Rxe6
Kf7 48. Re2 Kf6 49. Ra2 Rb6 50. Kg2 g5 51. Kh3 gxf4 52. Rf2 Kg5 53. gxf4+ Kf5
54. Kh4 Rb3 55. h3 Ra3 56. Rb2 Kxf4 57. Rb5 Ra8 58. Rxh5 Rg8 59. Rh7 Kf5 60. Kh5
Rg5+ 61. Kh4 Rg8 62. Kh5 Rg5+ 63. Kh4 Rg8 1/2-1/2